000 00403nam a2200169Ia 4500
001 18530
003 IN-NITTTR
005 20251114233215.0
008 251113s9999||||xx |||||||||||||| ||eng||
040 _beng
040 _cIN-NITTTR
041 _aeng
082 _a371.2 O2O R
100 _aOwens, Robert G.
245 0 _aOrganizational behavior in education. /
_cOwens, Robert G.
942 _2ddc
_cBK
999 _c21164
_d21164